Weber
Saved in:
| Main Author: | |
|---|---|
| Format: | Book |
| Language: | English |
| Published: |
[London] :
Fontana,
[1974]
|
| Series: | Fontana modern masters
|
| Subjects: | |
| Tags: |
Add Tag
No Tags, Be the first to tag this record!
|
MARC
| LEADER | 00000nam a2200000 i 4500 | ||
|---|---|---|---|
| 001 | 1/27765 | ||
| 008 | 960401s1974 eng d | ||
| 020 | |a 0006329063 | ||
| 035 | |l 10022918 | ||
| 040 | |a GR-MY-UA |b gre |e aacr | ||
| 041 | 0 | |a eng | |
| 082 | 0 | |a 301.02924 | |
| 100 | 1 | |a MacRae, Donald Gunn. | |
| 245 | 1 | 0 | |a Weber / |c [by] Donald G. MacRae |
| 260 | |a [London] : |b Fontana, |c [1974] | ||
| 300 | |a 96 p; |c 18 cm | ||
| 490 | 1 | |a Fontana modern masters | |
| 504 | |a Bibliography: p. 94-96 | ||
| 600 | 1 | 0 | |a Weber, Max, |d 1864-1920. |
| 852 | |a INST |b CHIOS |e 19960401 |h 301.0924 MAC |p 005200006467 |q 005200006467 |t BK |y 0 | ||
| 909 | |a Χ |b 001445 | ||